000 01814nam a2200361 i 4500
005 20220316235428.0
007 ta
008 200425s2002 ck a gr 000 j spa d
020 _a9583005363
040 _aCO-BoRNBP
_bspa
_cCO-BoRNBP
_erda
041 1 _heng
043 _aas---
084 _aC SAK1
100 1 _aSaki
_d1870-1916
_eautor
245 1 0 _aCuentos indiscretos
_cSaki ; traducido por Gonzalo Mallarino ; ilustrado por Daniel Jaime
250 _aPrimera edición
264 1 _aBogotá, Colombia
_bPanamericana
_c2002
300 _a225 páginas
_bilustraciones a color
_c15 cm
336 _atexto
_btxt
_2rdacontent
337 _asin mediación
_bn
_2rdamedia
338 _avolumen
_bnc
_2rdacarrier
490 0 _aCajón de cuentos
500 _aHéctor Hugh Munro, conocido por el seudónimo literario Saki
520 _aSaki no ensaya fórmulas desconcertantes, ni alteraciones en la línea narrativa; es un revolucionario en la intención y el fondo, que utiliza la magia de las palabras para dar un salto gigantesco hasta las creaciones que examinan la condición humana a la luz de una concepción despiadada pero objetiva, bordeando la literatura del absurdo. Su fibra irónica y su efecto humorístico son, en algunas ocasiones, devastadores. Los primeros lectores de Saki descubrirán cómo les apuesta siempre a los más débiles y a los perseguidos por los automatismos y la prepotencia del orden social
521 _aRecomendado a partir de los 18 años
534 _bThe complete stories of Saki
650 1 7 _aCuentos birmanos
_ySiglo XIX
_2ARMARC
650 1 7 _aLiteratura birmana
_ySiglo XIX
_2ARMARC
650 1 7 _aProblemas sociales
_vCuento
_2ARMARC
700 1 _aJaime, Daniel
_dilustrador
_9176083
700 1 _aMallarino Botero, Gonzalo
_etraductor
_9176084
942 _2loc
_cBKLIT
999 _c935
_d935